000 00892nam a2200229Ia 4500
999 _c38781
_d38781
001 5130
003 GE_BSU
005 20190514160638.0
008 181216s1991||||ge |||||||||||||| ||geo||
020 _a5520009236
040 _cGE_BSU
041 _ageo
080 _a004.382.7 ჩ-78
100 _aჩოგოვაძე, გ.
_9947
245 _aპერსონალური კომპიუტერები /
_cგ. ჩოგოვაძე ; რედ. გ. გოგიჩაიშვილი.
264 _aთბილისი :
_bმეცნიერება,
_c1991.
300 _a366 გვ. ;
_c22 სმ.
504 _aბიბლიოგრ. : გვ.329-339.
653 _aპერსონალური კომპიუტერები
700 _aგოგიჩაიშვილი, გ.
_eრედაქტორი
_91123
942 _cBK
_2udc